Statistics for Countries Outside Europe with Highest GDP per Capita

Click here to take the quiz!

General Stats

  • This quiz has been taken 653 times
    (483 since last reset)
  • The average score is 14 of 17

Answer Stats

Country% Correct
United States
98%
Canada
96%
Japan
94%
Singapore
93%
Australia
90%
Qatar
90%
South Korea
89%
New Zealand
87%
United Arab Emirates
87%
Bahrain
82%
Saudi Arabia
81%
Kuwait
78%
Taiwan
78%
Israel
73%
Brunei
69%
The Bahamas
44%
Cyprus
42%

Score Distribution

Percentile by Number Answered

Percent of People with Each Score

Your Score History

You have not taken this quiz since the last reset